Statistics for Different Ways to Make Non-Alcoholic Beverages

Click here to take the quiz!

General Stats

  • This quiz has been taken 2 times
  • The average score is 6 of 8

Answer Stats

HintAnswer% Correct
All ingredients are placed in a ______ and are combined until the correct consistency is achievedBlending
100%
Extraction of _____ from fruit or vegetablesJuicing
100%
Ingredients are added to the glass in _____. Ingredients must be added slowly so they do not mixLayering
100%
______ involves placing all ingredients into a glass or cocktail shaker, then ____ with a swizzle stick.Mixing
100%
Ingredients are placed in a cocktail _____, ice is added. The drink is quickly ______ before the ice melts, and liquid is strained into a prepared glassShaking
100%
Ingredients (usually fruits or herbs) are added to the glass or cocktail shaker, then ______ (mashed) using a _______ stickMuddling
50%
Start with ice in the glass, then pour other ingredients over the top to ____ the drinkBuilding
0%
Tea leaves or coffee grind are places into boiling or near boiling water and allowed to steepPlunging
0%

Score Distribution

Percentile by Number Answered

Percent of People with Each Score

Your Score History

You have not taken this quiz